| 000 | 00859nam a2200229 a 4500 | ||
|---|---|---|---|
| 999 |
_c6423 _d6423 |
||
| 001 | 6423 | ||
| 003 | BD-JhCC | ||
| 005 | 20180125125136.0 | ||
| 008 | 171104s1970 bg |||| ||a| 000 0 ben d | ||
| 035 | _a(BD-JhCC) 6423 | ||
| 040 |
_aBD-JhCC _dBD-JhCC |
||
| 041 | _aben | ||
| 082 |
_a297.124 _bSHA 1970 |
||
| 100 | _aসাহেব, মুহাম্মদ যাকারিয়া | ||
| 245 |
_aবঙ্গানুবাদ ফাযায়িলে যিকর / _cমুহাম্মদ যাকারিয়া সাহেব, মাও কাযী আবদুস শহীদ (অনু.) |
||
| 260 |
_aঢাকা : _bকোরআন মঞ্জিল, _c1970. |
||
| 300 |
_a308 p .: _c22 cm . |
||
| 650 |
_aHadith _xIslam |
||
| 700 | _aশহীদ, মাও কাযী আবদুস | ||
| 942 |
_2ddc _cBK |
||